000 00326 a2200109 4500
001 ART_7634
005 20260410161722.0
008 260409a
245 1 0 _aPolarización, desarrollo e integración
100 1 _aCoraggio, José Luis
773 0 _tRevista de la integración
_g- Nº 13 (may. 1973)
_wREV1815
999 _c17050
_d17050